000 00623nam a2200229Ia 4500
008 180523s9999 xx 000 0 und d
020 _a978-1-59233-721-7
050 _aCUL TX 837
050 _b.S63 2016
100 _aSobon, Jackie.
245 0 _aVegan bowl attack! :
245 0 _bmore than 100 one-dish meals packed with plant-based power /
260 _aBeverly, Massachusetts :
260 _bFair Winds Press,
260 _c2017
300 _a208 pages :
300 _bcolored illustrations ;
300 _c24 cm.
500 _aIncludes index
650 _aVegan cooking.
650 _xOne-dish meals.
999 _c357841
_d357841